Pensées du p. le jeune dit le père Aveugle prêtre de la Congrégation de l'Oratoire

Detalles Bibliográficos
Autor principal: Aveugle
Formato: Libro
Lenguaje:French
Publicado: Lyon ancienne maison ; Paris nouvelle maison 1854
Materias:
Colección:Banco de datos
Acervo:Biblioteca de la Congregación del Oratorio de San Felipe Neri de México. Iglesia La Profesa
Descripción Física:4 t. 17 cm.
Tema general:Ascética
Notas:Encuadernación en piel sobre cartón (6108, 6684-6686). Sello en tinta del Oratorio de San Felipe Neri de México. Biblioteca La Profesa, D.F. (6108, 6684-6686). Daños de humedad (6685, 6686)
LEADER 00934nam a22001810004500
035 |a 2930 
041 0 |a fre 
100 1 |a Aveugle 
245 1 0 |a Pensées du p. le jeune dit le père Aveugle prêtre de la Congrégation de l'Oratoire 
260 |a Lyon ancienne maison ; Paris nouvelle maison  |b Perisse frères, imprimeurs-libraires de N. S. P. le Pape et de S. Ém. Mgr. le cardinal-archevêque de Lyon  |c 1854  
300 |a 4 t.  |c 17 cm. 
500 |a Encuadernación en piel sobre cartón (6108, 6684-6686). Sello en tinta del Oratorio de San Felipe Neri de México. Biblioteca La Profesa, D.F. (6108, 6684-6686). Daños de humedad (6685, 6686) 
504 |a Índice general 
650 1 0 |a Ascética 
949 |a Iglesia La Profesa, Biblioteca t. 1 (6684); t. 2 (6685); t. 3 (6686); t. 4 (6108) 
942 |c PROFESA 
943 |g Biblioteca de la Congregación del Oratorio de San Felipe Neri de México. Iglesia La Profesa 
999 |c 949741  |d 949741